| 000 | 006420000a22001930004500 | ||
|---|---|---|---|
| 999 |
_c59816 _d59816 |
||
| 001 | 768714001 | ||
| 003 | CO-MdFUSB | ||
| 005 | 20170714144826.0 | ||
| 008 | 170714s1989 ag ||||| |||| 00| 0 spa d | ||
| 022 | _a0122-2996 | ||
| 040 |
_aCO-MdFUSB _bspa _cCO-MdFUSB _dCO-MdFUSB |
||
| 041 | _aspa | ||
| 100 | 1 |
_aDeiros, Pablo A. (Alberto) (1945-) _eautor |
|
| 245 | 1 | 0 | _aUna historia de la misión desde el Tercer Mundo |
| 300 |
_aVolumen 21. Número 34 (1989), Páginas 167-182 _c22 cm. |
||
| 546 | _aTexto en español | ||
| 773 | 0 |
_tBoletín Teológico _049507 _961471 _gVolumen 21. Número 34 (1989), Páginas 167-182 _qPágina 167 |
|
| 942 | _cANA | ||